| 000 | 01028nam a22002657a 4500 | ||
|---|---|---|---|
| 999 |
_c65450 _d65450 |
||
| 005 | 20240530110825.0 | ||
| 008 | 190805s2018 ua a g b 000 0 ara d | ||
| 017 |
_a2017/17136 _bمصر . دار الكتب المصرية |
||
| 020 | _a9789773500403 | ||
| 040 | _aEG-CaGPL | ||
| 082 | 0 | 4 |
_221 _a939.4/ _bأ آ |
| 100 | 0 | _aاسمهان سعيد الجرو | |
| 245 | 1 | 2 |
_aالاثار والحضارة فى التاريخ العربى القديم / _cاسمهان سعيد الجرو |
| 250 | _aط.1 | ||
| 260 |
_aالقاهرة : _bدار الكتاب الحديث ، _c2018 |
||
| 300 |
_a292 ص. : _bايض. ؛ _c24 سم. |
||
| 504 | _aببليوجرافية : ص 270 - 283 | ||
| 650 | 0 | 7 |
_aالزراعة _zاليمن القديم |
| 650 | 0 | 7 |
_aالعمارة _zاليمن القديم |
| 651 | 0 | 7 |
_aاليمن القديم _xتاريخ |
| 651 | 0 | 7 |
_aاليمن القديم _xتجارة |
| 651 | 0 | 7 |
_aاليمن القديم _xديانات |
| 942 |
_2ddc _cBK |
||